Normal view
MARC view
- Ali Athar
Entry Personal Name
001 - CONTROL NUMBER
- control field: 70312
003 - CONTROL NUMBER IDENTIFIER
- control field: NUST
005 - DATE AND TIME OF LATEST TRANSACTION
- control field: 20210628204426.0
008 - FIXED-LENGTH DATA ELEMENTS
- fixed length control field: 210628|| aca||aabn | a|a d
040 ## - CATALOGING SOURCE
- Original cataloging agency: NUST
- Transcribing agency: NUST
100 ## - HEADING--PERSONAL NAME
- Personal name: Ali Athar
670 ## - SOURCE DATA FOUND
- Source citation: Work cat.: (NUST): Ali Athar , TH-SOF-1438-An Improved Ensemble Based Feature Selection Approach for Sentiment Classification: A NOVEL CLASSIFIERS ENSEMBLE APPROACH TO IMPROVE PERFORMANCE OF SENTIMENTAL CLASSIFICATION, 2017
